| 000 | 01342nam a2200241Ia 4500 | ||
|---|---|---|---|
| 003 | Ost | ||
| 005 | 20260416102350.0 | ||
| 008 | 260416s9999||||xx |||||||||||||| ||und|| | ||
| 040 | _cfsecg | ||
| 041 | _aara | ||
| 082 | _a658 | ||
| 100 |
_aبواشري، أمينة _eمؤلف |
||
| 245 | 0 |
_aنظرية المنظمة أو نظرية التنظيم / _c أمينة بواشري |
|
| 260 |
_aالجزائر _bجامعة الجزائر3: كلية العلوم الإقتصادية، العلوم التجارية وعلوم التسيير _c2011 |
||
| 300 |
_a58 ورقة _bايضاحات _c30 سم |
||
| 504 | _aمراجع ص.59 | ||
| 520 | _aالمدخل الى نظرية المنظمة، فاعلية المنظمة، دورة حياة المنظمة، الهيكل التنظيمي، بيئة المنظمة، الاستراتيجية، حجم المنظمة، التكنولوجيا القوة والسياسة، الثقافة التنظيمية، التغيير التنظيمي واعادة الهندسة، التخطيط الاستراتيجي | ||
| 653 | _aادارة الاعمال | ||
| 653 | _aالتخطيط | ||
| 653 | _aالتنظيم | ||
| 710 |
_aجامعة الجزائر3: كلية العلوم الإقتصادية، العلوم التجارية وعلوم التسيير _eناشر علمي |
||
| 942 | _cHANDOUT | ||
| 999 |
_c40957 _d40957 |
||